| 000 | 01697cam a2200169 4500500 | ||
|---|---|---|---|
| 005 | 20251228074350.0 | ||
| 041 | _afre | ||
| 042 | _adc | ||
| 100 | 1 | 0 |
_aLamy, Isabelle _eauthor |
| 245 | 0 | 0 | _aMusée balzac – château de saché Une bibliothèque balzacienne au cœur du parcours des collections permanentes |
| 260 | _c2020. | ||
| 500 | _a16 | ||
| 520 | _aBalzac, secrétaire de l’Histoire et de « son » histoire, réussit au travers de son œuvre multiple à élaborer sa propre investigation analytique. Des œuvres presque concomitantes révèlent au lecteur les structures de lectures transversales. Du Grand Propriétaire de 1835 à Ecce Homo de 1836, la mise en évidence d’un château d’Azay-le-Rideau, palimpseste dans le premier, et en position axiale bien qu’illusoire dans le second, permet d’éclairer une figure de grand propriétaire dans ce qu’il faut bien appeler un château de famille. | ||
| 520 | _aAs the Secretary of History as well as of his own history, Balzac succeeded in developing his own analytical investigation throughout his plethoric œuvre. A number of practically contemporaneous works help show his readers how lateral readings are structured. In both Le Grand Propriétaire of 1835 – where it acts as a palimpsest – and in Ecce Homo of 1836 – where it has a significant but illusory role – the château of Azay-le-Rideau illuminates the figure of a major estate-owner in what we have to acknowledge is a family château. | ||
| 786 | 0 | _nL'Année balzacienne | 21 | 1 | 2020-11-02 | p. 533d-541d | 0084-6473 | |
| 856 | 4 | 1 | _uhttps://shs.cairn.info/revue-l-annee-balzacienne-2020-1-page-533d?lang=fr&redirect-ssocas=7080 |
| 999 |
_c1597678 _d1597678 |
||